| 000 | 00731nam a2200217Ia 4500 | ||
|---|---|---|---|
| 003 | GCL | ||
| 008 | 140319s9999 xx 000 0 ara d | ||
| 040 |
_aGCL / _cGCL |
||
| 082 | 0 | 4 |
_a362.4 _bا ر |
| 100 | 1 | _aاحمد السعيد يونس | |
| 245 | 1 | 0 |
_aرعاية الطفل المعوق طبيا ونفسيا واجتماعيا / _cاحمد السعيد يونس |
| 700 | 1 | _aمصرى عبدالحميد حنورة | |
| 260 |
_a[S.N] : _bدار الفكر العربى ، _c1991 |
||
| 300 | _a144 ص | ||
| 490 | _a | ||
| 650 | 0 | 4 | _aالخدمة الاجتماعية |
| 650 | 0 | 4 | _aالتخلف العقلى |
| 650 | 0 | 4 | _aالاطفال المكفوفين |
| 650 | 0 | 4 | _aالاطفال المعوقون |
| 942 |
_2ddc _cBK |
||
| 999 |
_c31625 _d31625 |
||